000 00497nam a2200169 i 4500
001 29510
003 ES-MaACL
005 20230906154039.0
007 t|
008 030122s1979 sp ||||1| spa d
100 1 _aBarceló Roldán, Julio.
_925523
245 1 0 _aJesús y la estafa de Cachemira /
_cJulio Barceló Roldán.
250 _a[2ª ed.].
260 _aEsplugas de Llobregat, Barcelona :
_bPlaza & Janés,
_c1979.
300 _a223 p. ;
_c19 cm.
852 _aES-MaACL
_jA-10056
_bR.99397
999 _c29510
_d29510